000 00402 a2200169 4500
001 191495
020 _a978-85-16-07061-8
040 _cMagnum
100 _aMc Donald, Megan
240 1 0 _aJudy moody, a garota detetive
_lpor
245 1 0 _aJudy moody, a garota detetive
300 _a205
362 0 _a2011
440 1 _aModerna
697 _aLITERATURA INFANTO-JUVENIL ESTRANGEIRA
942 _cBK
999 _c191495
_d191495